Spiegel der hauβucht Iesus Syrach genand (Запись № 10303960)
[ простой вид ]
| 000 -МАРКЕР | |
|---|---|
| контрольное поле | 01273nam0a22003371 4500 |
| 001 - ИДЕНТИФИКАТОР ЗАПИСИ | |
| контрольное поле | RU\NLR\A2V16\35663 |
| 005 - ИДЕНТИФИКАТОР ВЕРСИИ | |
| контрольное поле | 20251203171251.9 |
| 035 ## - ДРУГИЕ СИСТЕМНЫЕ НОМЕРА | |
| Идентификатор записи | (NLR Aleph) 009838722 |
| 100 ## - ДАННЫЕ ОБЩЕЙ ОБРАБОТКИ | |
| Данные общей обработки | 20040408d1556 u y0rusy50 ca |
| 101 1# - ЯЗЫК РЕСУРСА | |
| Язык текста, звукозаписи и т.д. | немецкий |
| Язык оригинала | иврит |
| 102 ## - СТРАНА ПУБЛИКАЦИИ ИЛИ ПРОИЗВОДСТВА | |
| Страна публикации | российская федерация |
| 200 1# - ЗАГЛАВИЕ И СВЕДЕНИЯ ОБ ОТВЕТСТВЕННОСТИ | |
| Основное заглавие | Spiegel der hauβucht Iesus Syrach genand |
| Сведения, относящиеся к заглавию | Sampt einer kurtzer Auslegung |
| -- | Für die armen Hauβvätter, und jhr Gesinde, Wie sie ein Gottselig leben, gegen menigklichsollen erzeygen... |
| Первые сведения об ответственности | Caspar Huberinus |
| 210 ## - ПУБЛИКАЦИЯ, РАСПРОСТРАНЕНИЕ И ДР. | |
| Место издания, распространения и т.д. | Gedruckt zu Nürnberg |
| Имя издателя, распространителя и т. д. | Durch Johan[n] vom Berg, und Ulrich Newber |
| Дата издания, распространения и т.д. | 1556 |
| 215 ## - ФИЗИЧЕСКАЯ ХАРАКТЕРИСТИКА | |
| Специфическое обозначение материала и объем | [312] л. |
| Размеры | 2° |
| 317 ## - ПРИМЕЧАНИЯ О ПРОИСХОЖДЕНИИ ЭКЗЕМПЛЯРА | |
| Текст примечания | Владельч. штамп: Bibliotheca C.P. Esterházy |
| Организация и экземпляр, к которому относится поле | ВГБИЛ |
| 500 11 - УНИФИЦИРОВАННОЕ ЗАГЛАВИЕ | |
| Унифицированное заглавие | Biblia |
| Наименование раздела или части | V.T. |
| -- | Ecclesiasticus Iesu f. Syrach |
| 620 ## - МЕСТО И ДАТА ПУБЛИКАЦИИ, ИСПОЛНЕНИЯ И Т. Д. | |
| Город | Nürnberg |
| 702 #1 - ИМЯ ЛИЦА - ВТОРИЧНАЯ ОТВЕТСТВЕННОСТЬ | |
| Связь между полями | z01790 |
| Начальный элемент ввода | Huberinus |
| Часть имени, кроме начального элемента ввода | K. |
| Даты | 1500-1553 |
| Расширение инициалов личного имени | Kaspar |
| Код отношения | Переводчик |
| 702 #1 - ИМЯ ЛИЦА - ВТОРИЧНАЯ ОТВЕТСТВЕННОСТЬ | |
| Связь между полями | z02790 |
| Начальный элемент ввода | Vom Berg |
| Часть имени, кроме начального элемента ввода | J. |
| Даты | -1563 |
| Расширение инициалов личного имени | Johann |
| Код отношения | Печатник (типограф) |
| 702 #1 - ИМЯ ЛИЦА - ВТОРИЧНАЯ ОТВЕТСТВЕННОСТЬ | |
| Связь между полями | z03790 |
| Начальный элемент ввода | Neuber |
| Часть имени, кроме начального элемента ввода | U. |
| Даты | -1571 |
| Расширение инициалов личного имени | Ulrich |
| Код отношения | Печатник (типограф) |
| 790 #1 - ИМЯ ЛИЦА - АЛЬТЕРНАТИВНАЯ ФОРМА | |
| Связь между полями | z01702 |
| Начальный элемент ввода | Huberinus |
| Расширение инициалов личного имени | Caspar |
| Код отношения | Переводчик |
| 790 #1 - ИМЯ ЛИЦА - АЛЬТЕРНАТИВНАЯ ФОРМА | |
| Связь между полями | z02702 |
| Начальный элемент ввода | Berg |
| Расширение инициалов личного имени | Iohann von |
| Код отношения | Печатник (типограф) |
| 790 #1 - ИМЯ ЛИЦА - АЛЬТЕРНАТИВНАЯ ФОРМА | |
| Связь между полями | z03702 |
| Начальный элемент ввода | Newber |
| Расширение инициалов личного имени | Ulrich |
| Код отношения | Печатник (типограф) |
| 801 #0 - ИСТОЧНИК ЗАПИСИ | |
| Страна | российская федерация |
| Организация | NLR |
| Дата составления | 20040408 |
| 899 ## - ДАННЫЕ О МЕСТОНАХОЖДЕНИИ (устаревшее) | |
| Местонахождение | ВГБИЛ |
| Шифр хранения | ВГБИЛ |
| 899 ## - ДАННЫЕ О МЕСТОНАХОЖДЕНИИ (устаревшее) | |
| Местонахождение | ВГБИЛ |
| Шифр хранения | ВГБИЛ |
| 942 ## - ДОПОЛНИТЕЛЬНЫЕ ЭЛЕМЕНТЫ ЗАПИСИ (АБИС) | |
| Тип экземпляра АБИС | Книга |
| 980 ## - КОЛЛЕКЦИЯ | |
| Название коллекции | Национальная библиография |
| 980 ## - КОЛЛЕКЦИЯ | |
| Название коллекции | Книги XVI века на европейских языках |
Нет доступных экземпляров.